[Event "Junior Online 4NCL Division 4"]
[Site "online"]
[Date "2020.10.29"]
[Round "6.73"]
[White "Singh, Hari"]
[Black "O'Donnell, Elliot"]
[Result "0-1"]
[WhiteElo "1495"]
[BlackElo "1247"]
[PlyCount "122"]
[EventDate "2020.10.29"]
[WhiteTeam "KCJS 2"]
[BlackTeam "Barnet Knights D"]

1. d4 Nf6 2. e3 g6 3. Bd3 Bg7 4. Nd2 O-O 5. Ngf3 d6 6. b3 Nbd7 7. Bb2 c5 8. c3
Re8 9. O-O a6 10. Re1 b5 11. a4 Rb8 12. axb5 axb5 13. c4 b4 14. d5 e6 15. e4 e5
16. Qc2 Qc7 17. Re2 Nb6 18. Ree1 Bd7 19. g3 Ra8 20. Red1 Bg4 21. Re1 Qb7 22.
Kf1 Rxa1 23. Rxa1 Ra8 24. Qb1 Bh6 25. Kg1 Rf8 26. Ra2 Ra8 27. Kg2 Rxa2 28. Qxa2
Qa8 29. Qxa8+ Nxa8 30. h3 Bd7 31. g4 Bg7 32. Kg3 Kf8 33. g5 Nh5+ 34. Kh4 Nf4
35. Bc2 Nxh3 36. Nf1 Nxf2 37. Ng1 Ng4 38. Bd1 Nf2 39. Bc2 f6 40. Ne3 fxg5+ 41.
Kxg5 Nh3+ 42. Nxh3 Bxh3 43. Ng4 Bxg4 44. Kxg4 Nc7 45. Bc1 h6 46. Kh4 Kf7 47.
Bd1 Ne8 48. Bd2 Nf6 49. Bc1 Nxe4 50. Bg4 Nf6 51. Be6+ Ke7 52. Kg3 Ne4+ 53. Kh4
Nf6 54. Kg3 g5 55. Kh3 Ne4 56. Kg4 Kf6 57. Bf5 Nc3 58. Bd2 Ne2 59. Be3 Nf4 60.
Bd2 h5+ 61. Kg3 Kxf5 0-1

[Event "Junior Online 4NCL Division 4"]
[Site "online"]
[Date "2020.10.29"]
[Round "6.74"]
[White "Gardner, Zac"]
[Black "Buanne, Giulio"]
[Result "0-1"]
[WhiteElo "1217"]
[BlackElo "1405"]
[PlyCount "100"]
[EventDate "2020.10.29"]
[WhiteTeam "Barnet Knights D"]
[BlackTeam "KCJS 2"]

1. e4 c5 2. Bc4 d6 3. Nf3 Nf6 4. Ng5 e6 5. Nc3 a6 6. d3 b5 7. Bb3 Nc6 8. a3 h6
9. Nf3 Be7 10. O-O O-O 11. h3 Bb7 12. Bf4 e5 13. Be3 Qc7 14. Nd5 Nxd5 15. exd5
Na5 16. c3 Nxb3 17. Qxb3 c4 18. dxc4 bxc4 19. Qd1 e4 20. Nd4 Bxd5 21. Nf5 Be6
22. Nxe7+ Qxe7 23. Bf4 Rad8 24. Qd4 d5 25. Qe5 Qh4 26. Bg3 Qe7 27. Qf4 f5 28.
Bh4 g5 29. Qg3 f4 30. Qh2 gxh4 31. g3 Qg5 32. Qg2 f3 33. Qh2 Rf4 34. Kh1 hxg3
35. fxg3 Rf6 36. Rg1 f2 37. Rgf1 h5 38. Rad1 h4 39. gxh4 Qxh4 40. Qg2+ Kh8 41.
Rd2 Bxh3 42. Qh2 Rg8 43. Rdxf2 Bg2+ 44. Kg1 Bxf1+ 45. Kh1 Qxh2+ 46. Rxh2+ Kg7
47. Kg1 Kf7+ 48. Kh1 Bg2+ 49. Kg1 Bh3+ 50. Kh1 Rf1# 0-1

[Event "Junior Online 4NCL Division 4"]
[Site "online"]
[Date "2020.10.29"]
[Round "6.75"]
[White "Ethelontis, Elena"]
[Black "Soulier, Alfred"]
[Result "0-1"]
[WhiteElo "1292"]
[BlackElo "1585"]
[PlyCount "60"]
[EventDate "2020.10.29"]
[WhiteTeam "Barnet Knights D"]
[BlackTeam "KCJS 2"]

1. d4 Nf6 2. Nf3 g6 3. e3 Bg7 4. Be2 O-O 5. c4 d6 6. O-O c5 7. Nc3 e6 8. b3 Nc6
9. Bb2 Bd7 10. Re1 a6 11. a3 Re8 12. d5 exd5 13. cxd5 Ne7 14. a4 Nfxd5 15. Nxd5
Bxb2 16. Nxe7+ Qxe7 17. Rb1 Bc3 18. Rf1 b5 19. axb5 axb5 20. Qc2 Bg7 21. b4 c4
22. Rfd1 Bf5 23. e4 Bxe4 24. Bd3 Bxd3 25. Rxd3 cxd3 26. Qxd3 Qe4 27. Qxb5 Qxb1+
28. Qf1 Qxf1+ 29. Kxf1 Ra1+ 30. Ne1 Raxe1# 0-1

[Event "Junior Online 4NCL Division 4"]
[Site "online"]
[Date "2020.10.29"]
[Round "6.76"]
[White "Patel, Zain"]
[Black "Vyas, Rayaan"]
[Result "1-0"]
[WhiteElo "1540"]
[BlackElo "1255"]
[PlyCount "25"]
[EventDate "2020.10.29"]
[WhiteTeam "KCJS 2"]
[BlackTeam "Barnet Knights D"]

1. e4 c5 2. Nf3 d6 3. d4 cxd4 4. Nxd4 Nf6 5. Nc3 g6 6. Be3 Bg7 7. f3 O-O 8. Qd2
Nc6 9. Bc4 a6 10. O-O-O b5 11. Bb3 Rb8 12. Nxc6 Bd7 13. Nxd8 1-0

[Event "Junior Online 4NCL Division 4"]
[Site "online"]
[Date "2020.10.29"]
[Round "6.77"]
[White "O'Donnell, Elliot"]
[Black "Singh, Hari"]
[Result "0-1"]
[WhiteElo "1247"]
[BlackElo "1495"]
[PlyCount "98"]
[EventDate "2020.10.29"]
[WhiteTeam "Barnet Knights D"]
[BlackTeam "KCJS 2"]

1. d4 Nf6 2. Nc3 g6 3. e4 Bg7 4. e5 Nh5 5. Be2 d6 6. Bxh5 gxh5 7. Qxh5 dxe5 8.
dxe5 Nc6 9. Nf3 Qd7 10. Qg5 Rg8 11. O-O Kf8 12. Qe3 Qe6 13. Re1 f6 14. exf6
Qxf6 15. Bd2 Bd7 16. Rad1 Qg6 17. a3 Ke8 18. Nd5 Bh6 19. g3 Bxe3 20. Bxe3 Bg4
21. Nxc7+ Kf8 22. Nxa8 Bxf3 23. Rd3 Qf5 24. Bd2 Ne5 25. Rxe5 Qxe5 26. Rxf3+ Ke8
27. c3 Qb8 28. Nb6 axb6 29. Re3 Qd6 30. Re2 Qd3 31. Kf1 Qb1+ 32. Be1 Rf8 33. f4
Qd3 34. Kf2 Qd5 35. Re5 Qh1 36. Rh5 Rf7 37. Bd2 e6 38. Rh6 Kf8 39. c4 Rd7 40.
Bb4+ Kg8 41. Rh4 Rd1 42. Rg4+ Kf7 43. Ke3 Qg1+ 44. Ke4 Qg2+ 45. Ke3 Qxh2 46.
Rg5 Rg1 47. Ke4 Rxg3 48. Rb5 Qe2+ 49. Kd4 Rd3# 0-1

[Event "Junior Online 4NCL Division 4"]
[Site "online"]
[Date "2020.10.29"]
[Round "6.78"]
[White "Buanne, Giulio"]
[Black "Gardner, Zac"]
[Result "0-1"]
[WhiteElo "1405"]
[BlackElo "1217"]
[PlyCount "40"]
[EventDate "2020.10.29"]
[WhiteTeam "KCJS 2"]
[BlackTeam "Barnet Knights D"]

1. e4 e5 2. Nf3 Nc6 3. Bc4 Bc5 4. O-O Nf6 5. Re1 d6 6. d3 h6 7. c3 Bg4 8. h3
Bh5 9. g4 Nxg4 10. hxg4 Bxg4 11. Kf1 Qf6 12. Kg2 Qg6 13. Kf1 Qf6 14. Kg2 Bxf3+
15. Qxf3 Qh4 16. Qxf7+ Kd8 17. Qxg7 Re8 18. Rh1 Qxf2+ 19. Kh3 Qf3+ 20. Kh4
Qxh1+ 0-1

[Event "Junior Online 4NCL Division 4"]
[Site "online"]
[Date "2020.10.29"]
[Round "6.81"]
[White "Patel, Aadi"]
[Black "Yau, Ethan Y"]
[Result "0-1"]
[WhiteElo "1292"]
[BlackElo "1562"]
[PlyCount "86"]
[EventDate "2020.10.29"]
[WhiteTeam "The Hall 2"]
[BlackTeam "Temple Sutton Juniors"]

1. e4 e5 2. Nf3 Nc6 3. Nc3 Nf6 4. d4 exd4 5. Nxd4 Nxd4 6. Qxd4 c6 7. Bg5 Be7 8.
Qd2 d6 9. Bd3 O-O 10. O-O h6 11. Bxf6 Bxf6 12. Rfe1 Be6 13. Ne2 Re8 14. c3 d5
15. exd5 cxd5 16. Ng3 Rc8 17. Nh5 a6 18. Nf4 Bg5 19. g3 Qd6 20. h4 Bxf4 21.
Qxf4 Qxf4 22. gxf4 Rc6 23. f5 Bd7 24. Rxe8+ Bxe8 25. Re1 Kf8 26. Re5 Rd6 27.
Be2 f6 28. Re3 Rb6 29. b3 Bd7 30. Rd3 Bb5 31. Re3 Bd7 32. Bg4 Rb5 33. Kg2 Ra5
34. a4 Rc5 35. Bh3 Bc6 36. Kg1 b5 37. axb5 axb5 38. b4 Rc4 39. Bf1 Rxh4 40. Re6
Bd7 41. Rd6 Ke7 42. Rxd5 Bc6 43. Rd2 Rh1# 0-1

[Event "Junior Online 4NCL Division 4"]
[Site "online"]
[Date "2020.10.29"]
[Round "6.82"]
[White "Summers, Dylan S"]
[Black "O'Sullivan, Conor"]
[Result "1-0"]
[WhiteElo "1487"]
[BlackElo "1315"]
[PlyCount "65"]
[EventDate "2020.10.29"]
[WhiteTeam "Temple Sutton Juniors"]
[BlackTeam "The Hall 2"]

1. e4 e5 2. Nf3 Nc6 3. Bc4 Nf6 4. Ng5 Nd4 5. Nxf7 Qe7 6. Nxh8 Qc5 7. d3 Nxe4 8.
dxe4 Qxc4 9. Qd3 Bb4+ 10. Bd2 Qxd3 11. cxd3 Bxd2+ 12. Nxd2 Nc2+ 13. Ke2 Nxa1
14. Rxa1 Kf8 15. Rc1 c6 16. Nf3 Kg8 17. Nxe5 Kxh8 18. h4 h6 19. g4 g6 20. Nxg6+
Kh7 21. Nf4 d6 22. Kf3 Kg7 23. Rg1 Bd7 24. g5 hxg5 25. hxg5 Rf8 26. g6 d5 27.
Ke3 dxe4 28. dxe4 c5 29. Nh5+ Kh6 30. g7 Rg8 31. Nf6 Rxg7 32. Rxg7 Kxg7 33.
Nxd7 1-0

[Event "Junior Online 4NCL Division 4"]
[Site "online"]
[Date "2020.10.29"]
[Round "6.83"]
[White "Ozdenoren, Deniz"]
[Black "Yau, Max Y"]
[Result "1/2-1/2"]
[WhiteElo "1352"]
[BlackElo "1277"]
[PlyCount "47"]
[EventDate "2020.10.29"]
[WhiteTeam "The Hall 2"]
[BlackTeam "Temple Sutton Juniors"]

1. e4 e5 2. Nf3 Nc6 3. Bc4 Bc5 4. d3 h6 5. Nc3 Nf6 6. Be3 Bb6 7. O-O O-O 8. h3
d6 9. Qd2 Bxe3 10. Qxe3 Qe7 11. Nd5 Nxd5 12. Bxd5 Nb4 13. Bb3 Be6 14. a3 Bxb3
15. axb4 Bxc2 16. Qd2 Bb3 17. Ra3 Be6 18. Rfa1 a6 19. b5 Bc8 20. bxa6 bxa6 21.
b4 Qd7 22. Qb2 Bb7 23. Ra5 Rfb8 24. d4 1/2-1/2

[Event "Junior Online 4NCL Division 4"]
[Site "online"]
[Date "2020.10.29"]
[Round "6.84"]
[White "Summers, Joseph S"]
[Black "Kohli, Aryan"]
[Result "0-1"]
[WhiteElo "1090"]
[BlackElo "1075"]
[PlyCount "54"]
[EventDate "2020.10.29"]
[WhiteTeam "Temple Sutton Juniors"]
[BlackTeam "The Hall 2"]

1. e4 c5 2. Nf3 d6 3. Bc4 e6 4. Nc3 Nc6 5. d3 Nf6 6. Bf4 Be7 7. O-O Bd7 8. Bg5
O-O 9. Bf4 Ng4 10. h3 Nf6 11. a3 Qb6 12. Qd2 Qxb2 13. Nb5 Nd4 14. Nfxd4 cxd4
15. Nxd6 Nh5 16. Nxb7 Nxf4 17. Qxf4 Qxb7 18. Qe5 Qb2 19. Rab1 Qxc2 20. Qxd4 Qa4
21. Rb4 Qxa3 22. Rb3 Qa4 23. Qxd7 Qxd7 24. d4 Qxd4 25. Bd3 Rfb8 26. Rxb8+ Rxb8
27. e5 Qxd3 0-1

[Event "Junior Online 4NCL Division 4"]
[Site "online"]
[Date "2020.10.29"]
[Round "6.85"]
[White "Yau, Ethan Y"]
[Black "Patel, Aadi"]
[Result "1-0"]
[WhiteElo "1562"]
[BlackElo "1292"]
[PlyCount "43"]
[EventDate "2020.10.29"]
[WhiteTeam "Temple Sutton Juniors"]
[BlackTeam "The Hall 2"]

1. e4 e5 2. Nf3 Nc6 3. Bc4 Bc5 4. Nc3 Nf6 5. d3 d6 6. h3 Be6 7. Bb3 O-O 8. Bg5
h6 9. Bh4 Nd4 10. Nxd4 Bxd4 11. O-O Bxc3 12. bxc3 c6 13. Qf3 Bxb3 14. cxb3 g5
15. Bg3 h5 16. Bh2 Qd7 17. Rfe1 Kg7 18. Qg3 Kh6 19. h4 g4 20. Qe3+ Kg6 21. Qg5+
Kh7 22. Qxf6 1-0

[Event "Junior Online 4NCL Division 4"]
[Site "online"]
[Date "2020.10.29"]
[Round "6.86"]
[White "O'Sullivan, Conor"]
[Black "Summers, Dylan S"]
[Result "0-1"]
[WhiteElo "1315"]
[BlackElo "1487"]
[PlyCount "58"]
[EventDate "2020.10.29"]
[WhiteTeam "The Hall 2"]
[BlackTeam "Temple Sutton Juniors"]

1. e4 e5 2. Nf3 Nc6 3. Bb5 Nf6 4. Nc3 Bc5 5. Nxe5 Bxf2+ 6. Kxf2 Nxe5 7. d4 Nc6
8. Bxc6 bxc6 9. Bg5 h6 10. Bh4 Qe7 11. e5 Ne4+ 12. Nxe4 Qxh4+ 13. Ng3 O-O 14.
Qd3 d6 15. exd6 cxd6 16. Qc3 Re8 17. Qxc6 Qxd4+ 18. Kf1 Qf4+ 19. Kg1 Bg4 20.
Rf1 Qd4+ 21. Rf2 Re1+ 22. Nf1 Rae8 23. c3 Qe3 24. Qc4 Be2 25. Qxe2 Qxe2 26.
Rxe2 R8xe2 27. h3 Rxb2 28. Kh2 Ree2 29. Ng3 Rxg2# 0-1

[Event "Junior Online 4NCL Division 4"]
[Site "online"]
[Date "2020.10.29"]
[Round "6.87"]
[White "Yau, Max Y"]
[Black "Ozdenoren, Deniz"]
[Result "1-0"]
[WhiteElo "1277"]
[BlackElo "1352"]
[PlyCount "43"]
[EventDate "2020.10.29"]
[WhiteTeam "Temple Sutton Juniors"]
[BlackTeam "The Hall 2"]

1. e4 e5 2. Nf3 Nc6 3. Bc4 Bc5 4. c3 d6 5. d4 exd4 6. cxd4 Bb6 7. Bb5 Bg4 8. d5
a6 9. Ba4 Bxf3 10. Qxf3 Ba5+ 11. Bd2 Bxd2+ 12. Nxd2 b5 13. Bxb5 axb5 14. dxc6
Nf6 15. O-O O-O 16. Rfd1 Re8 17. Re1 d5 18. exd5 Rxe1+ 19. Rxe1 Qxd5 20. Qxd5
Rf8 21. Qxb5 h6 22. Qb7 1-0

[Event "Junior Online 4NCL Division 4"]
[Site "online"]
[Date "2020.10.29"]
[Round "6.88"]
[White "Kohli, Aryan"]
[Black "Summers, Joseph S"]
[Result "1-0"]
[WhiteElo "1075"]
[BlackElo "1090"]
[PlyCount "79"]
[EventDate "2020.10.29"]
[WhiteTeam "The Hall 2"]
[BlackTeam "Temple Sutton Juniors"]

1. d4 e5 2. Nf3 Nc6 3. dxe5 Bb4+ 4. c3 Bc5 5. Bf4 d6 6. exd6 cxd6 7. e3 Bf5 8.
Bd3 Bxd3 9. Qxd3 Qd7 10. O-O Nf6 11. b4 Bb6 12. Ne5 Nxe5 13. Bxe5 dxe5 14.
Qxd7+ Kxd7 15. Rd1+ Kc6 16. Nd2 Rad8 17. Nf3 Rxd1+ 18. Rxd1 Rd8 19. Nxe5+ Kb5
20. Rxd8 Bxd8 21. Nxf7 g6 22. Nxd8 b6 23. f3 Kc4 24. Kf2 Kxc3 25. a3 Kb3 26.
Nc6 a6 27. Nb8 Kxa3 28. Nxa6 Ka4 29. e4 Kb5 30. e5 Nd5 31. Nc5 bxc5 32. bxc5
Kxc5 33. g3 Kd4 34. f4 Ke4 35. Kg2 Kf5 36. Kf3 h6 37. g4+ Ke6 38. Ke4 g5 39.
f5+ Kf7 40. Kxd5 1-0

[Event "Junior Online 4NCL Division 4"]
[Site "online"]
[Date "2020.10.29"]
[Round "6.91"]
[White "Balaggan, Karam S"]
[Black "Kothari, Jai"]
[Result "1-0"]
[WhiteElo "1420"]
[BlackElo "1690"]
[PlyCount "83"]
[EventDate "2020.10.29"]
[WhiteTeam "Colchester Juniors B"]
[BlackTeam "Woking Warriors"]

1. e4 e5 2. Nf3 Nc6 3. Bb5 Bc5 4. O-O d6 5. d4 exd4 6. Nxd4 Bd7 7. Nxc6 Bxc6 8.
Bxc6+ bxc6 9. Qf3 Qf6 10. Qxf6 Nxf6 11. Nc3 O-O 12. Bg5 Nd7 13. Rad1 Ne5 14.
Bf4 Ng6 15. Bg3 Rfe8 16. Kh1 Ne5 17. Bxe5 dxe5 18. Rd7 Rac8 19. Rd3 Bd4 20. b3
Re7 21. Ne2 Bb6 22. f3 Ree8 23. Rfd1 Ba5 24. g3 Bb6 25. Kg2 c5 26. Nc3 c6 27.
Na4 Ba5 28. Nxc5 Bb6 29. Na4 Ba5 30. Nb2 Bb6 31. Nc4 Bc7 32. Nd6 Rcd8 33. Nxe8
Rxe8 34. Rd7 Bb6 35. c4 Bd4 36. Rc7 c5 37. Rxa7 h6 38. h4 Kh7 39. g4 f6 40. Kg3
Kg6 41. h5+ Kg5 42. Rxg7# 1-0

[Event "Junior Online 4NCL Division 4"]
[Site "online"]
[Date "2020.10.29"]
[Round "6.92"]
[White "Phillips, Freddie"]
[Black "Popovici, Serena"]
[Result "1-0"]
[WhiteElo "1435"]
[BlackElo "1000"]
[PlyCount "107"]
[EventDate "2020.10.29"]
[WhiteTeam "Woking Warriors"]
[BlackTeam "Colchester Juniors B"]

1. e4 e5 2. Nf3 d5 3. Bb5+ Bd7 4. Bxd7+ Qxd7 5. Nxe5 Qe6 6. Qh5 g6 7. exd5 Qxd5
8. Qe2 Be7 9. O-O Nf6 10. Re1 O-O 11. c4 Qd6 12. Ng4 Nc6 13. Nxf6+ Qxf6 14. d4
Nxd4 15. Qxe7 Qxe7 16. Rxe7 Nc2 17. Re4 Nxa1 18. Na3 Rfe8 19. Rxe8+ Rxe8 20. g3
Re1+ 21. Kg2 Rxc1 22. b3 a5 23. Nb5 c6 24. Nd4 c5 25. Nb5 a4 26. bxa4 Rxc4 27.
Nd6 Rxa4 28. Nxb7 c4 29. Nc5 Rxa2 30. Ne4 c3 31. Nxc3 f5 32. Nxa2 Kf7 33. Nc3
Kf6 34. Nd5+ Ke5 35. Nf4 Nc2 36. h4 h5 37. Nxg6+ Kf6 38. Nf4 Ne1+ 39. Kf1 Nf3
40. Nxh5+ Ke5 41. Nf4 Kf6 42. h5 Kg5 43. Ke2 Nd4+ 44. Ke3 Nc2+ 45. Kd3 Ne1+ 46.
Kd4 Nf3+ 47. Kd5 Kh6 48. Ke6 Kg5 49. Kf7 Ne5+ 50. Ke6 Ng4 51. f3 Nh6 52. Nh3+
Kxh5 53. Kf6 f4 54. Nxf4# 1-0

[Event "Junior Online 4NCL Division 4"]
[Site "online"]
[Date "2020.10.29"]
[Round "6.93"]
[White "Salkauskas, Deimantas"]
[Black "Seet, Joshua"]
[Result "0-1"]
[WhiteElo "947"]
[BlackElo "1330"]
[PlyCount "88"]
[EventDate "2020.10.29"]
[WhiteTeam "Colchester Juniors B"]
[BlackTeam "Woking Warriors"]

1. e4 c6 2. d4 d5 3. exd5 cxd5 4. Nc3 Nf6 5. Nf3 Bf5 6. Bf4 e6 7. Bb5+ Nc6 8.
Ne5 Rc8 9. O-O Bd6 10. Bd3 Nxd4 11. Bxf5 Nxf5 12. Re1 O-O 13. Qd3 Ne7 14. Qg3
Nh5 15. Qg4 Nxf4 16. Qxf4 Ng6 17. Qg3 Nxe5 18. Rxe5 f6 19. f4 fxe5 20. fxe5 Be7
21. Ne2 Rxc2 22. Nd4 Bc5 23. Rd1 Qb6 24. Qe3 Rc4 25. Kh1 Bxd4 26. Qg3 Qxb2 27.
h3 Bxe5 28. Qe3 Re4 29. Qxa7 Qe2 30. Qg1 Rf2 31. a4 Rxg2 32. Qxg2 Qxd1+ 33. Qg1
Re1 34. Qxe1 Qxe1+ 35. Kg2 Qa5 36. Kf3 Qxa4 37. Kg2 Qf4 38. Kg1 b5 39. Kg2 b4
40. Kg1 b3 41. Kg2 b2 42. h4 b1=Q 43. h5 Qh1+ 44. Kxh1 Qh2# 0-1

[Event "Junior Online 4NCL Division 4"]
[Site "online"]
[Date "2020.10.29"]
[Round "6.94"]
[White "Wicks, Alexander"]
[Black "Rida, Ruqayyah"]
[Result "0-1"]
[WhiteElo "1345"]
[BlackElo "790"]
[PlyCount "128"]
[EventDate "2020.10.29"]
[WhiteTeam "Woking Warriors"]
[BlackTeam "Colchester Juniors B"]

1. e4 e5 2. Nf3 Nc6 3. Bb5 a6 4. Bxc6 dxc6 5. O-O Bd6 6. c4 Nf6 7. b3 Be6 8.
Bb2 Nd7 9. d4 exd4 10. Bxd4 O-O 11. e5 Be7 12. Nc3 Nb6 13. c5 Nd5 14. a3 Nxc3
15. Bxc3 Qxd1 16. Raxd1 Bxc5 17. b4 Bb6 18. Bd4 Bxd4 19. Rxd4 Rad8 20. Rh4 h6
21. a4 Bd5 22. Rf4 Bxf3 23. Rxf3 Rd4 24. Rb1 Rfd8 25. g3 Rd1+ 26. Rxd1 Rxd1+
27. Kg2 Rd4 28. Rb3 Re4 29. f4 Kf8 30. h4 Ke7 31. Kf3 Rc4 32. f5 g6 33. g4 gxf5
34. gxf5 Rxh4 35. f6+ Ke6 36. Re3 Rh3+ 37. Kf4 Rxe3 38. Kxe3 Kxe5 39. Kd3 Kxf6
40. Ke4 Ke6 41. Kf4 Kf6 42. Kg4 Kg6 43. Kh4 f5 44. Kg3 Kg5 45. Kf3 h5 46. Kg3
h4+ 47. Kh3 f4 48. Kh2 Kg4 49. b5 cxb5 50. axb5 axb5 51. Kg2 f3+ 52. Kf2 h3 53.
Kg1 b4 54. Kf2 b3 55. Ke3 b2 56. Kd2 b1=Q 57. Ke3 Qe1+ 58. Kd3 Qe2+ 59. Kd4 Kf4
60. Kd5 h2 61. Kc5 h1=Q 62. Kb4 Qc1 63. Kb3 Qeb2+ 64. Ka4 Qca1# 0-1

[Event "Junior Online 4NCL Division 4"]
[Site "online"]
[Date "2020.10.29"]
[Round "6.95"]
[White "Kothari, Jai"]
[Black "Balaggan, Karam S"]
[Result "0-1"]
[WhiteElo "1690"]
[BlackElo "1420"]
[PlyCount "94"]
[EventDate "2020.10.29"]
[WhiteTeam "Woking Warriors"]
[BlackTeam "Colchester Juniors B"]

1. e4 c5 2. Nf3 e6 3. d4 cxd4 4. Nxd4 Ne7 5. Nc3 g6 6. Be3 Bg7 7. Bc4 O-O 8.
O-O Nbc6 9. Re1 a6 10. Qd2 b5 11. Bb3 Bb7 12. Rad1 Qc7 13. Bh6 Nxd4 14. Bxg7
Nxb3 15. axb3 Kxg7 16. Qd4+ Kg8 17. Qf6 d5 18. exd5 Bxd5 19. Nxd5 Nxd5 20. Qe5
Qxe5 21. Rxe5 Rac8 22. Re2 Rc7 23. Rdd2 Rfc8 24. f3 Nb4 25. c3 Nd5 26. g3 a5
27. Rc2 Nb4 28. Rcd2 Nd5 29. Rc2 a4 30. bxa4 b4 31. Rcd2 bxc3 32. bxc3 Nxc3 33.
Re3 Nxa4 34. Red3 Rc1+ 35. Kg2 R8c2 36. Rxc2 Rxc2+ 37. Kh3 Kg7 38. Re3 Nb2 39.
Re1 g5 40. f4 h6 41. fxg5 hxg5 42. Ra1 f5 43. Ra7+ Kf6 44. Rh7 Nd3 45. Rb7 Ne5
46. Rb3 Ng4 47. Rb6 Rxh2# 0-1

[Event "Junior Online 4NCL Division 4"]
[Site "online"]
[Date "2020.10.29"]
[Round "6.96"]
[White "Popovici, Serena"]
[Black "Phillips, Freddie"]
[Result "0-1"]
[WhiteElo "1000"]
[BlackElo "1435"]
[PlyCount "46"]
[EventDate "2020.10.29"]
[WhiteTeam "Colchester Juniors B"]
[BlackTeam "Woking Warriors"]

1. e4 e5 2. d4 Nc6 3. d5 Nb4 4. Bd2 Nf6 5. a3 Na6 6. Nc3 Nc5 7. Nf3 Nfxe4 8.
Nxe4 Nxe4 9. Bd3 Nxd2 10. Qxd2 Bd6 11. O-O-O O-O 12. Qe3 Re8 13. h4 e4 14. Bxe4
Qf6 15. g4 Bf4 16. Qxf4 Qxf4+ 17. Nd2 Rxe4 18. f3 Re2 19. g5 d6 20. c4 Bf5 21.
b4 Rxd2 22. Rxd2 Qxc4+ 23. Rc2 Qxc2# 0-1

[Event "Junior Online 4NCL Division 4"]
[Site "online"]
[Date "2020.10.29"]
[Round "6.97"]
[White "Seet, Joshua"]
[Black "Salkauskas, Deimantas"]
[Result "1-0"]
[WhiteElo "1330"]
[BlackElo "947"]
[PlyCount "109"]
[EventDate "2020.10.29"]
[WhiteTeam "Woking Warriors"]
[BlackTeam "Colchester Juniors B"]

1. d4 e6 2. c4 d6 3. Nc3 Ne7 4. Nf3 Nd7 5. e4 g6 6. Bf4 Bg7 7. Bd3 O-O 8. O-O
h6 9. Qd2 Kh7 10. d5 e5 11. Bg3 c6 12. Rac1 cxd5 13. cxd5 b6 14. Nb5 Ba6 15.
Nxd6 Bxd3 16. Qxd3 Nc5 17. Rxc5 bxc5 18. Nc4 Qd7 19. Ncxe5 Qb7 20. Qc2 Rac8 21.
b3 a5 22. Nc4 Qa6 23. Bd6 Rfe8 24. Bg3 Ra8 25. d6 Nc6 26. d7 Red8 27. Rd1 Nb4
28. Qb1 Qb7 29. Nfe5 Nc6 30. Qd3 Nb4 31. Qd2 Ra7 32. Nxf7 Rxd7 33. Nfd6 Qc6 34.
Qe2 a4 35. h3 axb3 36. axb3 Bf8 37. e5 Ra2 38. Qe3 Nd5 39. Qf3 Bxd6 40. exd6
Qb7 41. Kh2 Rf7 42. Qxd5 Qxd5 43. Rxd5 Raa7 44. Rxc5 Rfd7 45. Rc7 Rdxc7 46.
dxc7 Ra8 47. Nb6 Re8 48. c8=Q Rxc8 49. Nxc8 Kg7 50. b4 Kf6 51. b5 Ke6 52. b6
Kd7 53. b7 Ke6 54. b8=Q Kf5 55. Qe5# 1-0

[Event "Junior Online 4NCL Division 4"]
[Site "online"]
[Date "2020.10.29"]
[Round "6.98"]
[White "Rida, Ruqayyah"]
[Black "Wicks, Alexander"]
[Result "1-0"]
[WhiteElo "790"]
[BlackElo "1345"]
[PlyCount "47"]
[EventDate "2020.10.29"]
[WhiteTeam "Colchester Juniors B"]
[BlackTeam "Woking Warriors"]

1. e4 d5 2. exd5 Nf6 3. c4 c6 4. dxc6 Nxc6 5. h3 Bf5 6. Nf3 Nb4 7. d3 Bxd3 8.
Bxd3 Nxd3+ 9. Kf1 Nxc1 10. Qxc1 Qd3+ 11. Kg1 Rc8 12. Ne5 Qd4 13. Qc3 Qd1+ 14.
Kh2 Qe2 15. f3 e6 16. Re1 Qf2 17. Na3 Bd6 18. Nb5 Bxe5+ 19. Qxe5 a6 20. Nd6+
Ke7 21. Nxc8+ Rxc8 22. Rad1 Rxc4 23. Qd6+ Ke8 24. Qd8# 1-0

[Event "Junior Online 4NCL Division 4"]
[Site "online"]
[Date "2020.10.29"]
[Round "6.101"]
[White "Milani-Foglia, Aurelio"]
[Black "Moser, Benjamin"]
[Result "0-1"]
[WhiteElo "1352"]
[BlackElo "1532"]
[PlyCount "114"]
[EventDate "2020.10.29"]
[WhiteTeam "May The Fork Be With You 4"]
[BlackTeam "The Hall 1"]

1. e4 e5 2. Nf3 Nc6 3. Bc4 Bc5 4. d3 d6 5. h3 Nf6 6. Bg5 Be6 7. Bb3 O-O 8. Nc3
h6 9. Bh4 a6 10. O-O b5 11. Qd2 Nd4 12. Nxd4 Bxd4 13. Nd5 Bxd5 14. Bxd5 Ra7 15.
c3 Bb6 16. Rfe1 a5 17. b4 axb4 18. cxb4 Bd4 19. Rac1 g5 20. Bg3 Nh5 21. Bh2 Nf6
22. h4 Nxd5 23. exd5 Re8 24. Re4 f5 25. Ree1 Kf7 26. Qe2 Kg6 27. Qf3 Rxa2 28.
h5+ Kf6 29. g4 Bxf2+ 30. Kf1 Bxe1 31. Qxf5+ Kg7 32. Qg6+ Kf8 33. Qxh6+ Kf7 34.
Qg6+ Kf8 35. Rxe1 Rxh2 36. Re2 Rxe2 37. Kxe2 Ke7 38. h6 Rg8 39. Qe6+ Kf8 40. h7
Kg7 41. hxg8=Q+ Qxg8 42. Qxg8+ Kxg8 43. Kf3 Kf7 44. Ke4 Ke7 45. Kf5 Kf7 46.
Kxg5 Kg7 47. Kf5 Kg8 48. Kf6 Kf8 49. g5 c5 50. g6 cxb4 51. Ke6 b3 52. Kxd6 b2
53. g7+ Kxg7 54. Ke6 b1=Q 55. d6 Qxd3 56. d7 Qxd7+ 57. Kxd7 b4 0-1

[Event "Junior Online 4NCL Division 4"]
[Site "online"]
[Date "2020.10.29"]
[Round "6.102"]
[White "Smolders, Thomas"]
[Black "Joshi, Aarav"]
[Result "0-1"]
[WhiteElo "1427"]
[BlackElo "1225"]
[PlyCount "50"]
[EventDate "2020.10.29"]
[WhiteTeam "The Hall 1"]
[BlackTeam "May The Fork Be With You 4"]

1. e4 c5 2. Nf3 d6 3. Nc3 Nc6 4. Bb5 Bd7 5. d3 g6 6. Be3 Bg7 7. Qd2 a6 8. Bxc6
Bxc6 9. h3 Nf6 10. O-O O-O 11. Bh6 b5 12. a3 c4 13. Rac1 Rc8 14. Rfe1 Re8 15.
Bxg7 Kxg7 16. d4 e5 17. d5 Bd7 18. Ne2 Nxe4 19. Qb4 a5 20. Qc3 Nxc3 21. Nxc3 b4
22. Ne2 e4 23. Nh2 Rc5 24. axb4 axb4 25. Rcd1 Re5 0-1

[Event "Junior Online 4NCL Division 4"]
[Site "online"]
[Date "2020.10.29"]
[Round "6.103"]
[White "Srinivasan, Gowri"]
[Black "Jhamna, Florian"]
[Result "0-1"]
[WhiteElo "1262"]
[BlackElo "1405"]
[PlyCount "47"]
[EventDate "2020.10.29"]
[WhiteTeam "May The Fork Be With You 4"]
[BlackTeam "The Hall 1"]

1. d4 e6 2. Nc3 d5 3. Nf3 c5 4. Bf4 Nc6 5. e4 Qb6 6. Bb5 cxd4 7. Bxc6+ Qxc6 8.
Nxd4 Qb6 9. b3 Bb4 10. Qd2 Nf6 11. Be3 Nxe4 12. Qd3 Bxc3+ 13. Ke2 Bxa1 14. Rxa1
O-O 15. f3 Nf6 16. Kf1 Qa6 17. c4 dxc4 18. bxc4 e5 19. Nb5 Be6 20. Kg1 Rfd8 21.
Qc3 Rac8 22. Qxe5 Bxc4 23. Nc3 Re8 24. Qg3 0-1

[Event "Junior Online 4NCL Division 4"]
[Site "online"]
[Date "2020.10.29"]
[Round "6.104"]
[White "Patel, Ishaan"]
[Black "Barbier-Ramaiah, Rohan Theo"]
[Result "1-0"]
[WhiteElo "1345"]
[BlackElo "1180"]
[PlyCount "113"]
[EventDate "2020.10.29"]
[WhiteTeam "The Hall 1"]
[BlackTeam "May The Fork Be With You 4"]

1. e4 e5 2. Nf3 Nc6 3. Nc3 Be7 4. Bc4 Nf6 5. d3 O-O 6. Bg5 d6 7. h3 Be6 8. Bb3
Qd7 9. Qd2 Na5 10. O-O Nxb3 11. axb3 Bxh3 12. gxh3 Qxh3 13. Nh2 Ng4 14. Nxg4
Qxg4+ 15. Kh1 Bxg5 16. Qe2 Qh3+ 17. Kg1 Bf4 18. f3 Rfe8 19. Qg2 Be3+ 20. Rf2
Bxf2+ 21. Kxf2 Qxg2+ 22. Kxg2 a6 23. Nd5 Rac8 24. c4 c6 25. Ne3 Rf8 26. b4 c5
27. bxc5 dxc5 28. Nd5 Rcd8 29. Ra5 b6 30. Rxa6 f6 31. b4 cxb4 32. Nxb4 f5 33.
Nd5 fxe4 34. fxe4 Rf7 35. Rxb6 Ra8 36. Rb2 h6 37. c5 Ra3 38. c6 Rxd3 39. c7
Rxd5 40. c8=Q+ Rf8 41. Qxf8+ Kxf8 42. exd5 Ke7 43. Kf3 Kd6 44. Ke4 g5 45. Rb6+
Kc5 46. Rxh6 g4 47. Rg6 g3 48. Rxg3 Kd6 49. Rg5 Kc5 50. Rxe5 Kd6 51. Re6+ Kd7
52. Ke5 Kd8 53. Kd6 Kc8 54. Re7 Kb8 55. Kc6 Ka8 56. Kb6 Kb8 57. Re8# 1-0